[Event "NimzoIndian thematic"]
[Site "SchemingMind.com"]
[Date "2011.11.28"]
[Round "-"]
[White "vickyngo"]
[Black "Goncharov"]
[Result "1/2-1/2"]
[WhiteCountry "VEN"]
[BlackCountry "UKR"]
[WhiteElo "2488"]
[WhiteRD "83"]
[BlackElo "2214"]
[BlackRD "104"]
[GameID "297844"]

1. d4 Nf6 2. c4 e6 3. Nc3 Bb4 4. Nf3 b6 5. Qb3 c5 6. a3 Ba5 7. Bg5 Bb7 8. dxc5 Na6 9. Nd2 Nxc5 10. Qc2 Bxc3
11. Qxc3 h6 12. Bxf6 Qxf6 13. Qxf6 gxf6 14. b4 Na4 15. e4 Ke7 16. f3 a5 17. Kf2 Nc3 18. b5 Na4 19. Nb3 d6 20. Rc1 Rac8
21. Be2 Rhg8 22. Rhd1 Rc7 23. Rd2 Bc8 24. Bd1 Nc5 25. Nxc5 Rxc5 26. Be2 f5 27. Rcd1 Rd8 28. exf5 Rxf5 29. a4 Rc5 30. Rd4 e5
31. Rh4 Be6 32. g3 Rh8= 33. f4 f6=
1/2-1/2

[Event "NimzoIndian thematic"]
[Site "SchemingMind.com"]
[Date "2011.11.30"]
[Round "-"]
[White "vickyngo"]
[Black "essam100"]
[Result "1-0"]
[WhiteCountry "VEN"]
[BlackCountry "EGY"]
[WhiteElo "2488"]
[WhiteRD "83"]
[BlackElo "1508"]
[BlackRD "117"]
[GameID "297845"]

1. d4 Nf6 2. c4 e6 3. Nc3 Bb4 4. Nf3 c5 5. g3 cxd4 6. Nxd4 Bxc3+ 7. bxc3 a6 8. Bg2 Qa5 9. Qb3 O-O 10. Ba3 Re8
11. c5 Nc6 12. O-O Qc7 13. Rfd1 Na5 14. Qa4 Rb8 15. Nc2 Nd5 16. Bxd5 exd5 17. Nb4 b5 18. cxb6 Qxb6 19. Nxd5 Qb5 20. Qg4 Qxe2
21. Nf6+ Kh8 22. Qf5 gxf6 23. Qxf6+ Kg8 24. Rd5 Rb5 25. Qg5+ Kh8 26. Qf6+ Kg8 27. Bc5 Rxc5 28. Qg5+ Kf8 29. Rxc5 Nc6 30. Qh6+ Ke7
31. Rd5 Qe6 32. Qh4+ Kf8 33. Qxh7 Qxd5 34. Qh8+
1-0

[Event "NimzoIndian thematic"]
[Site "SchemingMind.com"]
[Date "2011.11.28"]
[Round "-"]
[White "vickyngo"]
[Black "DimonM"]
[Result "1-0"]
[WhiteCountry "VEN"]
[BlackCountry "INT"]
[WhiteElo "2325"]
[WhiteRD "134"]
[BlackElo "1416"]
[BlackRD "275"]
[GameID "297846"]

1. d4 Nf6 2. c4 e6 3. Nc3 Bb4 4. Nf3 Bxc3+ 5. bxc3 O-O 6. Qc2 Re8 7. e4 d6 8. e5 dxe5 9. dxe5 Nfd7 10. Ng5 Nc6
11. Qxh7+ Kf8 12. Ba3+ Ne7 13. Qh8#
1-0

[Event "NimzoIndian thematic"]
[Site "SchemingMind.com"]
[Date "2011.11.28"]
[Round "-"]
[White "Danzino"]
[Black "vickyngo"]
[Result "0-1"]
[WhiteCountry "GBR"]
[BlackCountry "VEN"]
[WhiteElo "2058"]
[WhiteRD "102"]
[BlackElo "2456"]
[BlackRD "72"]
[GameID "297847"]

1. d4 Nf6 2. c4 e6 3. Nc3 Bb4 4. Qc2 O-O 5. a3 Bxc3+ 6. Qxc3 b6 7. Bg5 Bb7 8. e3 d6 9. Ne2 Nbd7 10. Qd3 Qe7
11. Nc3 h6 12. Bh4 c5 13. Rd1 Rfd8 14. f3 Nf8 15. Be2 Ng6 16. Bf2 cxd4 17. Qxd4 d5 18. O-O e5 19. Qd2 dxc4 20. Qc2 e4
21. Nxe4 Nxe4 22. fxe4 b5 23. Bf3 Ne5 24. Bg3 Rxd1 25. Rxd1 Nd3 26. e5 Bxf3 27. gxf3 Qe6 28. e4 h5 29. b3 Rd8 30. bxc4 bxc4
31. a4 Kh7 32. Rd2 Qh6 33. Re2 h4 34. Bf2 Qg5+ 35. Kh1 Qh5
0-1

[Event "NimzoIndian thematic"]
[Site "SchemingMind.com"]
[Date "2011.11.28"]
[Round "-"]
[White "Aadsje"]
[Black "vickyngo"]
[Result "0-1"]
[WhiteCountry "NED"]
[BlackCountry "VEN"]
[WhiteElo "2253"]
[WhiteRD "58"]
[BlackElo "2440"]
[BlackRD "68"]
[GameID "297848"]

1. d4 Nf6 2. c4 e6 3. Nc3 Bb4 4. Nf3 c5 5. dxc5 Bxc3+ 6. bxc3 Qa5 7. e3 Na6 8. Be2 Nxc5 9. Nd4 d6 10. O-O O-O
11. Nb3 Nxb3 12. Qxb3 Ne4 13. f3 Nc5 14. Qb4 Qc7 15. e4 e5 16. Be3 Be6 17. Rad1 b6 18. Rd2 Rfd8 19. Rfd1 h6 20. Qb5 Rac8
21. Bf2 Nb7 22. c5 dxc5 23. Qa4 Rxd2 24. Rxd2 Rd8 25. Rxd8+ Nxd8 26. h4 f6 27. g3 g6 28. Qe8+ Kg7 29. Be3 g5 30. a3 Qd7
31. Qxd7+ Bxd7 32. Kf2 Nf7 33. Bc1 Nd6 34. hxg5 hxg5 35. Ke3 Ba4 36. Bd3 Bd1 37. f4 Kg6 38. fxe5 fxe5 39. Bb2 Kf7 40. Bc1 c4
41. Bf1 g4 42. Bg2 Ke6 43. Bd2 Kd7 44. Be1 Nb5 45. Bf1 Nxa3 46. Kd2 Bb3 47. Be2 Kc6 48. Bxg4 a5 49. Kc1 a4 50. Bd2 Nb5
0-1

[Event "NimzoIndian thematic"]
[Site "SchemingMind.com"]
[Date "2011.12.01"]
[Round "-"]
[White "otsenrechess"]
[Black "vickyngo"]
[Result "0-1"]
[WhiteCountry "HUN"]
[BlackCountry "VEN"]
[WhiteElo "1823"]
[WhiteRD "45"]
[BlackElo "2543"]
[BlackRD "86"]
[GameID "297849"]

1. d4 Nf6 2. c4 e6 3. Nc3 Bb4 4. Qc2 O-O 5. a3 Bxc3+ 6. Qxc3 b6 7. Bg5 Bb7 8. f3 h6 9. Bh4 d6 10. e3 Nbd7
11. Bd3 e5 12. Ne2 e4
0-1

[Event "NimzoIndian thematic"]
[Site "SchemingMind.com"]
[Date "2011.11.28"]
[Round "-"]
[White "eun77"]
[Black "vickyngo"]
[Result "0-1"]
[WhiteCountry "ISR"]
[BlackCountry "VEN"]
[WhiteElo "1252"]
[WhiteRD "75"]
[BlackElo "2441"]
[BlackRD "71"]
[GameID "297850"]

1. d4 Nf6 2. c4 e6 3. Nc3 Bb4 4. a3 Bxc3+ 5. bxc3 c5 6. e3 Nc6 7. Nf3 b6 8. Be2 Bb7 9. O-O O-O 10. h3 Ne4
11. dxc5 Nxc3 12. Qc2 Nxe2+ 13. Qxe2 bxc5 14. Bb2 f6 15. Rab1 Rb8 16. Rfd1 Qc7 17. Nh2 Ba6 18. Bc3 d5 19. Rxb8 Rxb8 20. Qc2 Bxc4
21. Rb1 Rxb1+ 22. Qxb1 Qb6 23. Qxb6 axb6 24. Nf3 e5 25. Nd2 Bd3 26. f3 d4 27. exd4 exd4 28. Bb2 c4 29. Bc1 Na5
0-1

[Event "NimzoIndian thematic"]
[Site "SchemingMind.com"]
[Date "2011.11.29"]
[Round "-"]
[White "Goncharov"]
[Black "vickyngo"]
[Result "0-1"]
[WhiteCountry "UKR"]
[BlackCountry "VEN"]
[WhiteElo "2200"]
[WhiteRD "106"]
[BlackElo "2543"]
[BlackRD "86"]
[GameID "297851"]

1. d4 Nf6 2. c4 e6 3. Nc3 Bb4 4. Bg5 h6 5. Bh4 c5 6. d5 Bxc3+ 7. bxc3 d6 8. e3 e5 9. Qc2 Nbd7 10. Nf3 g5
11. Bg3 Nh5 12. Nd2 Ndf6 13. Be2 Qe7 14. a4 Rb8 15. a5 O-O 16. Qd1 Nxg3 17. hxg3 e4 18. Rxh6 Kg7 19. Rh1 Qe5 20. Qc2 Bf5
21. Rb1 Rh8 22. Rxh8 Rxh8 23. Rxb7 Rh2 24. Rxa7 Rxg2 25. Qb3 Bg6
0-1

[Event "NimzoIndian thematic"]
[Site "SchemingMind.com"]
[Date "2011.12.01"]
[Round "-"]
[White "essam100"]
[Black "vickyngo"]
[Result "0-1"]
[WhiteCountry "EGY"]
[BlackCountry "VEN"]
[WhiteElo "1801"]
[WhiteRD "162"]
[BlackElo "2325"]
[BlackRD "134"]
[GameID "297852"]

1. d4 Nf6 2. c4 e6 3. Nc3 Bb4 4. Qc2 O-O 5. Bg5 c5 6. dxc5 Na6 7. e4 h6 8. Bd2 Bxc5 9. a3 Qb6 10. Nh3 e5
11. Na4 Qc7 12. Nxc5 Nxc5 13. f3 a5 14. Be3 d6 15. Nf2 a4 16. Be2 Nb3 17. Rd1 Be6 18. f4 Rac8 19. O-O Bxc4 20. Bxc4 Qxc4
21. Qxc4 Rxc4 22. Rxd6 Nxe4 23. fxe5 Nxd6 24. exd6 f6 25. Rd1 Rd8 26. d7 Nc5 27. Rd6 Rxd7 28. Bxc5 Rxd6 29. Bxd6 Rc1+
0-1

[Event "NimzoIndian thematic"]
[Site "SchemingMind.com"]
[Date "2011.11.28"]
[Round "-"]
[White "DimonM"]
[Black "vickyngo"]
[Result "0-1"]
[WhiteCountry "INT"]
[BlackCountry "VEN"]
[WhiteElo "1166"]
[WhiteRD "143"]
[BlackElo "2543"]
[BlackRD "86"]
[GameID "297853"]

1. d4 Nf6 2. c4 e6 3. Nc3 Bb4 4. e3 O-O 5. Nf3 c5 6. Bd3 d5 7. cxd5 exd5 8. O-O c4 9. Be2 Bf5 10. h3 Bxc3
11. bxc3 Ne4 12. Bd2 Nc6 13. Re1 Re8 14. g4 Bc8 15. a3 Na5 16. Bc1 Nb3
0-1

[Event "NimzoIndian thematic"]
[Site "SchemingMind.com"]
[Date "2011.11.29"]
[Round "-"]
[White "Luki212"]
[Black "Danzino"]
[Result "1-0"]
[WhiteCountry "SVK"]
[BlackCountry "GBR"]
[WhiteElo "2066"]
[WhiteRD "71"]
[BlackElo "2053"]
[BlackRD "102"]
[GameID "297968"]

1. d4 Nf6 2. c4 e6 3. Nc3 Bb4 4. Qc2 Nc6 5. Nf3 d6 6. g3 O-O 7. Bg2 e5 8. dxe5 dxe5 9. O-O Bxc3 10. Qxc3 Re8
11. Be3 Qe7 12. Rfd1 Bd7 13. a3 a5 14. h3 Rad8 15. Ne1 h6 16. Nd3 b6 17. Rd2 Nd4 18. Nxe5 Nxe2+ 19. Rxe2 Qxe5 20. Qxe5 Rxe5
21. Rd2 Rde8 22. Bf4 Re2 23. Rad1 Rxd2 24. Rxd2 c5 25. Bc7 Re6 26. f4 Kf8 27. f5 Re1+ 28. Kf2 Rc1 29. Bxb6 Rxc4 30. g4 a4
31. Ke3 Ke7 32. Ba5 Rc1 33. Bc3 Ne8 34. Rd5 c4 35. Rc5 Rc2 36. Bf1 Nf6 37. Bxc4 Rh2 38. Bf1 h5 39. Bb4 Kd8 40. g5 Nh7
41. Bc3 Nxg5 42. f6
1-0

[Event "NimzoIndian thematic"]
[Site "SchemingMind.com"]
[Date "2011.11.29"]
[Round "-"]
[White "Luki212"]
[Black "Aadsje"]
[Result "0-1"]
[WhiteCountry "SVK"]
[BlackCountry "NED"]
[WhiteElo "1985"]
[WhiteRD "85"]
[BlackElo "2293"]
[BlackRD "55"]
[GameID "297969"]

1. d4 Nf6 2. c4 e6 3. Nc3 Bb4 4. Qc2 O-O 5. Nf3 c5 6. dxc5 Na6 7. c6 bxc6 8. a3 Bxc3+ 9. Qxc3 Nc5 10. Qc2 Nce4
11. e3 a5 12. Bd3 Nc5 13. Be2 Qb6 14. O-O Qb3 15. Qxb3 Nxb3 16. Rb1 a4 17. Nd2 Na5 18. Bd1 Ba6
0-1

[Event "NimzoIndian thematic"]
[Site "SchemingMind.com"]
[Date "2011.11.29"]
[Round "-"]
[White "Luki212"]
[Black "vickyngo"]
[Result "0-1"]
[WhiteCountry "SVK"]
[BlackCountry "VEN"]
[WhiteElo "1985"]
[WhiteRD "85"]
[BlackElo "2543"]
[BlackRD "86"]
[GameID "297971"]

1. d4 Nf6 2. c4 e6 3. Nc3 Bb4 4. e3 O-O 5. Nf3 d5 6. Bd2 b6 7. Qb3 c5 8. a3 Bxc3 9. Bxc3 cxd4 10. Bxd4 Bb7
11. cxd5 Bxd5 12. Qd1 Qe7 13. Bd3 Nbd7 14. O-O e5
0-1

[Event "NimzoIndian thematic"]
[Site "SchemingMind.com"]
[Date "2011.11.30"]
[Round "-"]
[White "Luki212"]
[Black "eun77"]
[Result "1-0"]
[WhiteCountry "SVK"]
[BlackCountry "ISR"]
[WhiteElo "2017"]
[WhiteRD "86"]
[BlackElo "1263"]
[BlackRD "69"]
[GameID "297972"]

1. d4 Nf6 2. c4 e6 3. Nc3 Bb4 4. Nf3 h6 5. Qc2 Bxc3+ 6. bxc3 O-O 7. e4 Nh7 8. Bd3 d6 9. O-O Nd7 10. Re1 Re8
11. e5 Ndf8 12. Ba3 d5 13. cxd5 Qxd5 14. Rab1 f5 15. exf6 Nxf6 16. Re5
1-0

[Event "NimzoIndian thematic"]
[Site "SchemingMind.com"]
[Date "2011.11.29"]
[Round "-"]
[White "Luki212"]
[Black "Goncharov"]
[Result "0-1"]
[WhiteCountry "SVK"]
[BlackCountry "UKR"]
[WhiteElo "1985"]
[WhiteRD "85"]
[BlackElo "2200"]
[BlackRD "106"]
[GameID "297973"]

1. d4 Nf6 2. c4 e6 3. Nc3 Bb4 4. Qc2 b6 5. e4 c5 6. e5 cxd4 7. a3 Bxc3+ 8. bxc3 Ng8 9. cxd4 Bb7 10. Nf3 Bxf3
11. gxf3 Nc6 12. Qe4 f5 13. Qd3 Nge7 14. Bg2 d6 15. f4 dxe5 16. fxe5 Rc8 17. Bb2 Nxe5
0-1

[Event "NimzoIndian thematic"]
[Site "SchemingMind.com"]
[Date "2011.11.30"]
[Round "-"]
[White "Luki212"]
[Black "essam100"]
[Result "1-0"]
[WhiteCountry "SVK"]
[BlackCountry "EGY"]
[WhiteElo "2017"]
[WhiteRD "86"]
[BlackElo "1508"]
[BlackRD "117"]
[GameID "297974"]

1. d4 Nf6 2. c4 e6 3. Nc3 Bb4 4. e3 c5 5. Bd3 Nc6 6. Ne2 d5 7. cxd5 exd5 8. a3 cxd4 9. axb4 dxc3 10. b5 Ne5
11. bxc3 Nxd3+ 12. Qxd3 O-O 13. O-O Qc7 14. Ba3 Rd8 15. Nd4
1-0

[Event "NimzoIndian thematic"]
[Site "SchemingMind.com"]
[Date "2011.11.29"]
[Round "-"]
[White "Luki212"]
[Black "DimonM"]
[Result "1-0"]
[WhiteCountry "SVK"]
[BlackCountry "INT"]
[WhiteElo "2017"]
[WhiteRD "86"]
[BlackElo "1163"]
[BlackRD "145"]
[GameID "297975"]

1. d4 Nf6 2. c4 e6 3. Nc3 Bb4 4. Qc2 Bxc3+ 5. bxc3 O-O 6. e4 Re8 7. Bg5 d6 8. f4 Nc6 9. Nf3 h6 10. Bh4 a6
11. Bd3
1-0

[Event "NimzoIndian thematic"]
[Site "SchemingMind.com"]
[Date "2011.11.29"]
[Round "-"]
[White "Danzino"]
[Black "Luki212"]
[Result "1-0"]
[WhiteCountry "GBR"]
[BlackCountry "SVK"]
[WhiteElo "2053"]
[WhiteRD "102"]
[BlackElo "2066"]
[BlackRD "71"]
[GameID "297976"]

1. d4 Nf6 2. c4 e6 3. Nc3 Bb4 4. Qc2 O-O 5. a3 Bxc3+ 6. Qxc3 b5 7. cxb5 c6 8. Bg5 h6 9. Bxf6 Qxf6 10. e3 Bb7
11. Nf3 cxb5 12. Be2 Nc6 13. O-O a6 14. Qc5 Qe7 15. Rfc1 Rfc8 16. Qxe7 Nxe7 17. Kf1 Kf8 18. Ne5 Ke8 19. f3 d6 20. Nd3 Kd7
21. Ke1 f5 22. Kd2 Rxc1 23. Rxc1 Nc6 24. Bd1 Rc8 25. Bb3 Ne7= 26. Rxc8 Nxc8 27. Nf4 d5 28. Nd3 Nd6= 29. Nc5+ Ke7 30. Kc3 Bc8
31. Kb4 Kd8 32. Ka5 Kc7 33. Nxa6+ Bxa6 34. Kxa6 Kc6 35. Ba2 f4 36. exf4 Nf5 37. Bb1 Nxd4 38. Bd3 g5 39. fxg5 hxg5 40. b4 e5
41. Bg6 Ne6 42. Be8+
1-0

[Event "NimzoIndian thematic"]
[Site "SchemingMind.com"]
[Date "2011.11.29"]
[Round "-"]
[White "Aadsje"]
[Black "Luki212"]
[Result "1-0"]
[WhiteCountry "NED"]
[BlackCountry "SVK"]
[WhiteElo "2293"]
[WhiteRD "55"]
[BlackElo "1985"]
[BlackRD "85"]
[GameID "297977"]

1. d4 Nf6 2. c4 e6 3. Nc3 Bb4 4. Nf3 c5 5. g3 Nc6 6. Bg2 cxd4 7. Nxd4 O-O 8. O-O Qe7 9. Na4 Rd8 10. a3 Bd6
11. b4 Be5 12. Bb2 Nxd4 13. Bxd4 Bxd4 14. Qxd4 e5 15. Qd3 d6 16. Nc3 Be6 17. Rac1 Rac8 18. Nd5 Bxd5 19. Bxd5 Rc7 20. Rfd1
1-0

[Event "NimzoIndian thematic"]
[Site "SchemingMind.com"]
[Date "2011.11.29"]
[Round "-"]
[White "vickyngo"]
[Black "Luki212"]
[Result "1-0"]
[WhiteCountry "VEN"]
[BlackCountry "SVK"]
[WhiteElo "2488"]
[WhiteRD "83"]
[BlackElo "2017"]
[BlackRD "86"]
[GameID "297979"]

1. d4 Nf6 2. c4 e6 3. Nc3 Bb4 4. Nf3 O-O 5. Bg5 c5 6. e3 h6 7. Bxf6 Qxf6 8. Bd3 Nc6 9. O-O Bxc3 10. bxc3 d6
11. Be4 Na5 12. dxc5 Nxc4 13. Qd4 d5 14. Bd3 Qxd4 15. cxd4 b5 16. a4 Bd7 17. axb5 Bxb5 18. Ne5 Rfb8 19. Rfb1 Nxe5 20. Bxb5 a6
21. Ba4 Nc4 22. Bc6 Rxb1+ 23. Rxb1 Rc8 24. Bb7
1-0

[Event "NimzoIndian thematic"]
[Site "SchemingMind.com"]
[Date "2011.11.30"]
[Round "-"]
[White "eun77"]
[Black "Luki212"]
[Result "0-1"]
[WhiteCountry "ISR"]
[BlackCountry "SVK"]
[WhiteElo "1283"]
[WhiteRD "78"]
[BlackElo "2021"]
[BlackRD "87"]
[GameID "297980"]

1. d4 Nf6 2. c4 e6 3. Nc3 Bb4 4. a3 Bxc3+ 5. bxc3 c5 6. e3 Nc6 7. Nf3 O-O 8. Ne5 d5 9. Nxc6 bxc6 10. Bb2 Rb8
11. cxd5 Rxb2 12. Bd3 cxd5 13. O-O Qa5 14. dxc5 Bd7 15. Qc1 Rfb8 16. Rb1 Rxb1 17. Bxb1 Qxc5 18. Bc2 Bb5 19. Rd1 Rc8 20. h3 Qxc3
21. Bxh7+ Kxh7 22. Qb1+ Qc2 23. Qxc2+ Rxc2 24. Rb1 a6
0-1

[Event "NimzoIndian thematic"]
[Site "SchemingMind.com"]
[Date "2011.11.29"]
[Round "-"]
[White "Goncharov"]
[Black "Luki212"]
[Result "1-0"]
[WhiteCountry "UKR"]
[BlackCountry "SVK"]
[WhiteElo "2200"]
[WhiteRD "106"]
[BlackElo "1985"]
[BlackRD "85"]
[GameID "297981"]

1. d4 Nf6 2. c4 e6 3. Nc3 Bb4 4. f3 d5 5. a3 Bxc3+ 6. bxc3 c5 7. e3 Nc6 8. Bd3 Qa5 9. Bd2 dxc4 10. Bxc4 b5
11. Bd3 Qb6 12. Ne2 a6 13. a4 c4 14. Bc2 O-O 15. axb5 Qxb5 16. O-O Ne7 17. e4 Qc6 18. Ba4 Qc7 19. Bf4 Qd8 20. Bb5
1-0

[Event "NimzoIndian thematic"]
[Site "SchemingMind.com"]
[Date "2011.12.01"]
[Round "-"]
[White "essam100"]
[Black "Luki212"]
[Result "0-1"]
[WhiteCountry "EGY"]
[BlackCountry "SVK"]
[WhiteElo "1508"]
[WhiteRD "117"]
[BlackElo "2017"]
[BlackRD "86"]
[GameID "297982"]

1. d4 Nf6 2. c4 e6 3. Nc3 Bb4 4. Qc2 O-O 5. Bg5 c5 6. e3 h6 7. Bh4 cxd4 8. exd4 Nc6 9. Nf3 d5 10. O-O-O Be7
11. a3 b6 12. Ne5 Bb7 13. f3 Rc8 14. Nxc6 Bxc6 15. Bxf6 Bxf6 16. cxd5 Bxd5 17. Kb1 Qd7
0-1

[Event "NimzoIndian thematic"]
[Site "SchemingMind.com"]
[Date "2011.11.29"]
[Round "-"]
[White "DimonM"]
[Black "Luki212"]
[Result "0-1"]
[WhiteCountry "INT"]
[BlackCountry "SVK"]
[WhiteElo "1163"]
[WhiteRD "145"]
[BlackElo "2017"]
[BlackRD "86"]
[GameID "297983"]

1. d4 Nf6 2. c4 e6 3. Nc3 Bb4 4. Qc2 O-O 5. e3 c5 6. Bd3 Nc6 7. Nf3 d5 8. cxd5 exd5 9. dxc5 Bxc5 10. O-O Nb4
11. Qb1 g6 12. Re1 Re8
0-1

[Event "NimzoIndian thematic"]
[Site "SchemingMind.com"]
[Date "2011.12.02"]
[Round "-"]
[White "jtrochez1"]
[Black "Danzino"]
[Result "0-1"]
[WhiteCountry "HON"]
[BlackCountry "GBR"]
[WhiteElo "1425"]
[WhiteRD "60"]
[BlackElo "2018"]
[BlackRD "100"]
[GameID "298029"]

1. d4 Nf6 2. c4 e6 3. Nc3 Bb4 4. Bd2 O-O 5. Qc2 c5 6. e3 cxd4 7. exd4 Nc6 8. Nf3 d5 9. c5 Bxc3 10. Bxc3 Ne4
11. Bd3 f5 12. O-O Bd7 13. b4 Be8 14. Be2 Bh5 15. a3 Ne7 16. Be1 Ng6 17. Ne5 Bxe2 18. Qxe2 Nxe5 19. dxe5 Qc7 20. Qb2 f4
21. f3 Ng5 22. Bh4 Rf5 23. Bxg5 Rxg5 24. Rac1 Qxe5 25. Qxe5 Rxe5 26. Kf2 Kf7
0-1

[Event "NimzoIndian thematic"]
[Site "SchemingMind.com"]
[Date "2011.12.01"]
[Round "-"]
[White "jtrochez1"]
[Black "Aadsje"]
[Result "0-1"]
[WhiteCountry "HON"]
[BlackCountry "NED"]
[WhiteElo "1625"]
[WhiteRD "51"]
[BlackElo "2226"]
[BlackRD "53"]
[GameID "298030"]

1. d4 Nf6 2. c4 e6 3. Nc3 Bb4 4. Bd2 d5 5. Qc2 c5 6. e3 Nc6 7. dxc5 d4 8. Nb1 dxe3 9. fxe3 Bxc5 10. Be2 Ng4
11. Nf3 Qb6 12. Qb3 Qxb3 13. axb3 Nxe3 14. Bxe3 Bxe3 15. Nbd2 f5 16. O-O-O e5 17. Kc2 e4 18. Nf1 exf3 19. Bxf3 Bc5 20. Bxc6+ bxc6
21. Re1+ Kd7 22. Nd2 Kc7 23. Nf3 Rd8 24. Re7+ Bxe7 25. Rd1 Rxd1 26. Kxd1 Rb8 27. Kc2 f4
0-1

[Event "NimzoIndian thematic"]
[Site "SchemingMind.com"]
[Date "2011.12.01"]
[Round "-"]
[White "jtrochez1"]
[Black "Luki212"]
[Result "0-1"]
[WhiteCountry "HON"]
[BlackCountry "SVK"]
[WhiteElo "1425"]
[WhiteRD "60"]
[BlackElo "2021"]
[BlackRD "87"]
[GameID "298031"]

1. d4 Nf6 2. c4 e6 3. Nc3 Bb4 4. Bd2 b6 5. Qc2 Bb7 6. e3 O-O 7. a3 Bxc3 8. Bxc3 d6 9. Nf3 Ne4 10. Be2 Nd7
11. d5 exd5 12. cxd5 Bxd5 13. O-O Ndc5 14. Nd4 Qh4 15. Bf3 Nxc3 16. bxc3 Bxf3 17. Nxf3 Qh5 18. Qd1 h6 19. Nd4 Qxd1 20. Rfxd1 Rfe8
21. Kf1 Re4 22. a4 a5 23. Nb5 Rc8 24. Rd4 Nb3 25. Rxe4 Nd2+
0-1

[Event "NimzoIndian thematic"]
[Site "SchemingMind.com"]
[Date "2011.12.01"]
[Round "-"]
[White "jtrochez1"]
[Black "vickyngo"]
[Result "0-1"]
[WhiteCountry "HON"]
[BlackCountry "VEN"]
[WhiteElo "1625"]
[WhiteRD "51"]
[BlackElo "2325"]
[BlackRD "134"]
[GameID "298033"]

1. d4 Nf6 2. c4 e6 3. Nc3 Bb4 4. Bd2 O-O 5. Qc2 d5 6. c5 b6 7. cxb6 axb6 8. Bg5 h6 9. Bd2 Ba6 10. a3 Bxc3
11. Bxc3 Ne4 12. Nf3 c5 13. dxc5 bxc5 14. b4 cxb4 15. Bxb4 Qf6 16. Qd1 Nc6 17. e3 Nxb4 18. Bxa6 Nc2+ 19. Qxc2 Qxa1+ 20. Qd1 Qc3+
21. Nd2 Rxa6 22. O-O Nxd2 23. Re1 Rxa3 24. Qc1 Rc8 25. Qxc3 Raxc3
0-1

[Event "NimzoIndian thematic"]
[Site "SchemingMind.com"]
[Date "2011.12.04"]
[Round "-"]
[White "jtrochez1"]
[Black "eun77"]
[Result "0-1"]
[WhiteCountry "HON"]
[BlackCountry "ISR"]
[WhiteElo "1425"]
[WhiteRD "60"]
[BlackElo "1283"]
[BlackRD "78"]
[GameID "298034"]

1. d4 Nf6 2. c4 e6 3. Nc3 Bb4 4. Bd2 Bxc3 5. Bxc3 O-O 6. Nf3 h6 7. Qc2 d6 8. e4 a5 9. d5 e5 10. h3 b6
11. Bd3 Nbd7 12. b4 Nh7 13. b5 Nc5 14. a4 Nxd3+ 15. Qxd3 f5 16. O-O-O f4 17. g4 Ng5 18. Nxg5 Qxg5 19. f3 Bd7 20. Qe2 Rf7
21. h4 Qe7 22. Rdg1 g6 23. h5 g5 24. Rh2 Kf8
0-1

[Event "NimzoIndian thematic"]
[Site "SchemingMind.com"]
[Date "2011.12.05"]
[Round "-"]
[White "jtrochez1"]
[Black "Goncharov"]
[Result "0-1"]
[WhiteCountry "HON"]
[BlackCountry "UKR"]
[WhiteElo "1626"]
[WhiteRD "49"]
[BlackElo "2098"]
[BlackRD "126"]
[GameID "298035"]

1. d4 Nf6 2. c4 e6 3. Nc3 Bb4 4. Bd2 d5 5. c5 O-O 6. e3 b6 7. cxb6 axb6 8. Bd3 Ba6 9. Bxa6 Rxa6 10. Nge2 Re8
11. a3 Bd6 12. Ng3 c5 13. O-O Nc6 14. dxc5 bxc5 15. Nce2 Rb6 16. Bc3 e5 17. Nf5 d4 18. exd4 exd4 19. Nxd6 Qxd6 20. Bd2 Rxb2
21. Ng3 Qd5 22. Bf4 c4 23. Bc1 Rb3 24. Bg5 Qxg5 25. f4 Qd5 26. Rf2 Rxg3 27. hxg3 d3 28. Qf3 Qd4 29. Ra2 Ne4 30. Kh2 Nxf2
31. a4 d2 32. Qxc6 Ng4+ 33. Kh3 Nf6 34. Rxd2 Qxd2 35. Qxc4 Qd1
0-1

[Event "NimzoIndian thematic"]
[Site "SchemingMind.com"]
[Date "2011.12.02"]
[Round "-"]
[White "jtrochez1"]
[Black "essam100"]
[Result "1-0"]
[WhiteCountry "HON"]
[BlackCountry "EGY"]
[WhiteElo "1553"]
[WhiteRD "50"]
[BlackElo "1508"]
[BlackRD "117"]
[GameID "298036"]

1. d4 Nf6 2. c4 e6 3. Nc3 Bb4 4. Bd2 c5 5. Nf3 cxd4 6. Nxd4 a6 7. Nc2 Be7 8. h3 Qc7 9. e4 Nc6 10. a3 b6
11. Bd3 Ne5 12. Qe2 Bb7 13. O-O Nxd3 14. Qxd3 O-O 15. b4 Rac8 16. Ne3 Nh5 17. Ne2 Bf6 18. Rac1 Rfd8 19. Qb1 Nf4 20. Nxf4 Qxf4
21. Bc3 Bxe4 22. Bxf6 Bxb1 23. Bxd8 Rxd8 24. Rxb1 d5 25. cxd5 exd5 26. Rbc1 g6 27. g3 Qe4 28. Rfe1 d4 29. Ng4 Qf3 30. Rc7 Rf8
31. Ne5 Qxa3 32. Nd7 Qxb4 33. Nf6+ Kg7 34. Re6 d3 35. Ne4 d2 36. Nxd2 Qxd2 37. Rxb6 Qe1+ 38. Kg2 Qe4+ 39. Kh2 Rd8 40. Rc1
1-0

[Event "NimzoIndian thematic"]
[Site "SchemingMind.com"]
[Date "2011.12.01"]
[Round "-"]
[White "jtrochez1"]
[Black "DimonM"]
[Result "1-0"]
[WhiteCountry "HON"]
[BlackCountry "INT"]
[WhiteElo "1656"]
[WhiteRD "48"]
[BlackElo "1166"]
[BlackRD "143"]
[GameID "298037"]

1. d4 Nf6 2. c4 e6 3. Nc3 Bb4 4. Bd2 Bxc3 5. Bxc3 O-O 6. e3 Re8 7. Bd3 d6 8. h3 Nc6 9. Nf3 a6 10. Qc2 h6
11. O-O Bd7 12. e4 e5 13. d5 Nb8 14. Kh2
1-0

[Event "NimzoIndian thematic"]
[Site "SchemingMind.com"]
[Date "2011.12.01"]
[Round "-"]
[White "Danzino"]
[Black "jtrochez1"]
[Result "1-0"]
[WhiteCountry "GBR"]
[BlackCountry "HON"]
[WhiteElo "2018"]
[WhiteRD "100"]
[BlackElo "1425"]
[BlackRD "60"]
[GameID "298038"]

1. d4 Nf6 2. c4 e6 3. Nc3 Bb4 4. Qc2 d5 5. a3 Bxc3+ 6. Qxc3 h6 7. Nf3 O-O 8. cxd5 Nxd5 9. Qc2 Nc6 10. e4 Nde7
11. Be3 Ng6 12. Bd3 Nh4 13. Nxh4 Qxh4 14. O-O Qe7 15. Rfd1 Bd7 16. Rac1 Rac8 17. b4 a6 18. Qc5 Qxc5 19. Rxc5 Nb8 20. Rdc1 c6
21. Bf4 f5 22. Be5 f4 23. h4 f3 24. g4 Be8 25. Bxb8
1-0

[Event "NimzoIndian thematic"]
[Site "SchemingMind.com"]
[Date "2011.12.01"]
[Round "-"]
[White "Aadsje"]
[Black "jtrochez1"]
[Result "1-0"]
[WhiteCountry "NED"]
[BlackCountry "HON"]
[WhiteElo "2226"]
[WhiteRD "53"]
[BlackElo "1625"]
[BlackRD "51"]
[GameID "298039"]

1. d4 Nf6 2. c4 e6 3. Nc3 Bb4 4. f3 d5 5. a3 Bxc3+ 6. bxc3 h6 7. e3 O-O 8. Bd3 c6 9. Ne2 Qc7 10. O-O Nbd7
11. a4 a5 12. cxd5 exd5 13. e4 dxe4 14. fxe4 Ng4 15. Ng3 Ngf6 16. Nf5 Nb6 17. Nxh6+ Kh8 18. Rxf6 gxf6 19. Qh5 Kg7 20. Nf5+ Bxf5
21. Bh6+
1-0

[Event "NimzoIndian thematic"]
[Site "SchemingMind.com"]
[Date "2011.12.01"]
[Round "-"]
[White "Luki212"]
[Black "jtrochez1"]
[Result "1-0"]
[WhiteCountry "SVK"]
[BlackCountry "HON"]
[WhiteElo "2017"]
[WhiteRD "86"]
[BlackElo "1553"]
[BlackRD "50"]
[GameID "298040"]

1. d4 Nf6 2. c4 e6 3. Nc3 Bb4 4. e3 Bxc3+ 5. bxc3 d5 6. f3 Nc6 7. cxd5 exd5 8. Ba3 a6 9. Bd3 b5 10. Ne2 Ne7
11. O-O O-O 12. Ng3 Re8 13. e4 dxe4 14. fxe4 Bg4 15. Qc2 Ng6 16. Nf5 Bxf5 17. Rxf5 c6 18. Raf1 Re6 19. e5 Nd5 20. Rxf7 Qg5
21. Bc1 Qd8 22. g3 Qb6 23. Bf5 Nb4 24. Bxe6 Qa5 25. Rf8#
1-0